[Event "IND-ch U19 Girls"]
[Site "Pune"]
[Date "2022.07.19"]
[Round "10"]
[White "Meenatchi Rajam, V."]
[Black "Shubhi, Gupta"]
[Result "0-1"]
[WhiteElo "1639"]
[BlackElo "1682"]
[PlyCount "110"]
[EventDate "2022.07.12"]
[EventType "swiss"]
[EventRounds "11"]
[EventCountry "IND"]
[SourceTitle "EXT 2023"]
[Source "ChessBase"]
[SourceDate "2022.10.05"]
[SourceVersion "1"]
[SourceVersionDate "2022.10.05"]
[SourceQuality "1"]

1. d4 d5 2. Nf3 Nf6 3. c4 e6 4. Nc3 Be7 5. Bg5 Nbd7 6. e3 0-0 7. Rc1 c6 8. a3 a6 9. cxd5 exd5 10. Bd3 h6 11. Bf4 Re8 12. 0-0 Nf8 13. h3 Bd6 14. Be5 Bxe5 15. Nxe5 c5 16. b3 b5 17. a4 c4 18. Be2 Qb6 19. Bf3 Bb7 20. bxc4 bxc4 21. Rb1 Qc7 22. Qc2 Rab8 23. Rb2 Ne6 24. Rfb1 Ng5 25. a5 Nxf3+ 26. gxf3 Nd7 27. Nxd7 Qxd7 28. Na4 Qc7 29. Nc5 Bc6 30. Rb6 Bb5 31. Qf5 Rxb6 32. axb6 Qxb6 33. Rc1 Qd6 34. f4 Rb8 35. Kh1 Qg6 36. Qe5 Re8 37. Qc7 Qh5 38. Kg2 Qe2 39. Rg1 Rxe3 40. Qd8+ Re8 41. Qxd5 c3 42. Qf3 Qxf3+ 43. Kxf3 c2 44. Rc1 Be2+ 45. Kg3 Bd1 46. Nxa6 Kf8 47. Kg2 Re1 48. Kg3 Rg1+ 49. Kh2 Rf1 50. Nb4 Rxf2+ 51. Kg1 Rd2 52. Nd5 Bf3 53. Ne3 Rd1+ 54. Nxd1 cxd1Q+ 55. Rxd1 Bxd1 0-1

[Event "IND-ch U19 Girls"]
[Site "Pune"]
[Date "2022.07.17"]
[Round "8"]
[White "Bhagyashree, Patil"]
[Black "Meenatchi Rajam, V."]
[Result "1-0"]
[WhiteElo "1908"]
[BlackElo "1639"]
[PlyCount "81"]
[EventDate "2022.07.12"]
[EventType "swiss"]
[EventRounds "11"]
[EventCountry "IND"]
[SourceTitle "EXT 2023"]
[Source "ChessBase"]
[SourceDate "2022.10.05"]
[SourceVersion "1"]
[SourceVersionDate "2022.10.05"]
[SourceQuality "1"]

1. e4 c5 2. Nf3 e6 3. d4 cxd4 4. Nxd4 Nf6 5. Nc3 d6 6. Be2 a6 7. Be3 Be7 8. 0-0 Qc7 9. f4 0-0 10. Bf3 Nc6 11. Qe2 Nxd4 12. Bxd4 e5 13. Be3 exf4 14. Bxf4 Qb6+ 15. Qf2 Qxb2 16. Na4 Qa3 17. Nb6 d5 18. Be3 dxe4 19. Be2 Rb8 20. Nc4 Qa4 21. Qg3 Bg4 22. Nb6 Qc6 23. Bxg4 Nxg4 24. Qxg4 Bc5 25. Nc4 f5 26. Qg3 Qb5 27. Rxf5 Rxf5 28. Qxb8+ Rf8 29. Qc7 Bxe3+ 30. Nxe3 Qb2 31. Qc4+ Kh8 32. Re1 h6 33. Qxe4 Qxa2 34. Ng4 Qf7 35. h3 h5 36. Ne5 Qf2+ 37. Kh2 Rf6 38. Rd1 Qb6 39. Nf7+ Rxf7 40. Qe8+ Kh7 41. Qxf7 1-0

[Event "IND-ch U19 Girls"]
[Site "Pune"]
[Date "2022.07.13"]
[Round "3"]
[White "Meenatchi Rajam, V."]
[Black "Velpula, Sarayu"]
[Result "0-1"]
[WhiteElo "1639"]
[BlackElo "1965"]
[PlyCount "76"]
[EventDate "2022.07.12"]
[EventType "swiss"]
[EventRounds "11"]
[EventCountry "IND"]
[SourceTitle "EXT 2023"]
[Source "ChessBase"]
[SourceDate "2022.10.05"]
[SourceVersion "1"]
[SourceVersionDate "2022.10.05"]
[SourceQuality "1"]

1. d4 Nf6 2. Nf3 g6 3. c4 Bg7 4. Nc3 0-0 5. e4 d6 6. Be2 Nbd7 7. Be3 e5 8. d5 Ng4 9. Bg5 f6 10. Bh4 Nh6 11. Nd2 a6 12. 0-0 Qe8 13. f3 f5 14. b4 f4 15. Nb3 Nf7 16. c5 Nf6 17. Bf2 g5 18. Na5 h5 19. h3 Kh8 20. Nc4 Rg8 21. cxd6 Nxd6 22. Nxd6 cxd6 23. Na4 Nd7 24. Nb6 Nxb6 25. Bxb6 Bf6 26. Rc1 Qg6 27. Rc3 Rg7 28. a3 Bd7 29. Qb3 Rag8 30. Kf2 g4 31. hxg4 Bh4+ 32. g3 Bxg3+ 33. Kg2 hxg4 34. Rh1+ Rh7 35. Rxh7+ Qxh7 36. fxg4 Qh2+ 37. Kf1 Qh1+ 38. Bg1 Qh3# 0-1

[Event "Eastern Asia-ch U16 Girls"]
[Site "Tornelo INT"]
[Date "2021.10.23"]
[Round "5"]
[White "Nguyen, Hong Nhung"]
[Black "Meenatchi Rajam, V."]
[Result "1-0"]
[WhiteElo "1528"]
[BlackElo "1641"]
[PlyCount "47"]
[EventDate "2021.10.22"]
[EventType "swiss"]
[EventRounds "9"]
[EventCountry "NET"]
[SourceTitle "EXT 2023"]
[Source "ChessBase"]
[SourceDate "2022.10.05"]
[SourceVersion "1"]
[SourceVersionDate "2022.10.05"]
[SourceQuality "1"]

1. e4 c5 2. Nc3 g6 3. f4 Bg7 4. Nf3 Nc6 5. Bc4 e6 6. f5 Nd4 7. 0-0 gxf5 8. d3 fxe4 9. Ng5 Nf6 10. Ncxe4 d5 11. Nxf6+ Bxf6 12. Nxf7 Kxf7 13. Qh5+ Ke7 14. Rxf6 dxc4 15. Qxc5+ Ke8 16. Bg5 Qd7 17. Raf1 Qg7 18. Rf7 Qxf7 19. Rxf7 Kxf7 20. Qe7+ Kg6 21. Qf6+ Kh5 22. h3 Ne2+ 23. Kh2 Ng3 24. Qh6# 1-0

[Event "IND-ch U13 Girls 33rd"]
[Site "Visakhapatnam"]
[Date "2019.05.10"]
[Round "9"]
[White "Kriti, Mayur Patel"]
[Black "Meenatchi Rajam, V."]
[Result "1/2-1/2"]
[WhiteElo "1449"]
[BlackElo "1714"]
[PlyCount "100"]
[EventDate "2019.05.04"]
[EventType "swiss"]
[EventRounds "11"]
[EventCountry "IND"]
[SourceTitle "CBM 190 Extra"]
[Source "ChessBase"]
[SourceDate "2019.07.15"]
[SourceVersion "1"]
[SourceVersionDate "2019.07.15"]
[SourceQuality "1"]

1. e4 c5 2. d4 cxd4 3. c3 d3 4. Bxd3 d6 5. c4 Nf6 6. Nc3 e6 7. Nf3 Be7 8. 0-0 0-0 9. Qe2 a6 10. Rd1 Qc7 11. Be3 Nbd7 12. Rac1 b6 13. Bb1 Bb7 14. Bf4 Rac8 15. b3 Rfd8 16. h3 Qb8 17. Nd4 Ne5 18. Be3 Ng6 19. f4 Bf8 20. Nf3 Bc6 21. a4 Qb7 22. Bd2 d5 23. cxd5 exd5 24. e5 Bc5+ 25. Be3 Nxf4 26. Qf2 Ne4 27. Nxe4 dxe4 28. Rxd8+ Rxd8 29. Bxc5 exf3 30. Qh4 f6 31. Bxh7+ Kf7 32. Qxf4 bxc5 33. e6+ Kxe6 34. Qf5+ Kf7 35. Qh5+ Kf8 36. Qxc5+ Kf7 37. Qxc6 Rd1+ 38. Kh2 Qxc6 39. Rxc6 f2 40. Rc7+ Ke6 41. Bd3 Rxd3 42. Rc1 Rxb3 43. Rf1 Ra3 44. Rxf2 Rxa4 45. Rb2 Ra1 46. Rb7 g5 47. Kg3 a5 48. Rb6+ Ke5 49. Kg4 Ra4+ 50. Kh5 Kf5 1/2-1/2

[Event "Commonwealth-ch U12 Girls"]
[Site "New Delhi"]
[Date "2018.07.03"]
[Round "7"]
[White "Meenatchi Rajam, V."]
[Black "Sahithi Varshini, M."]
[Result "1/2-1/2"]
[WhiteElo "1613"]
[BlackElo "1571"]
[PlyCount "64"]
[EventDate "2018.06.26"]
[EventType "swiss"]
[EventRounds "7"]
[EventCountry "IND"]
[SourceTitle "EXT 2019"]
[Source "ChessBase"]
[SourceDate "2018.10.10"]
[SourceVersion "1"]
[SourceVersionDate "2018.10.10"]
[SourceQuality "1"]

1. Nf3 d5 2. d4 e6 3. c4 c5 4. Nc3 cxd4 5. Nxd4 Nf6 6. Bg5 dxc4 7. e3 Be7 8. Bxc4 0-0 9. 0-0 Nbd7 10. Qe2 Ne5 11. Bb3 Ng6 12. Rfd1 Qa5 13. Qb5 Qc7 14. Bxf6 Bxf6 15. Rac1 Qe7 16. Qe2 Rd8 17. Ne4 Bxd4 18. Rxd4 Rxd4 19. exd4 b6 20. d5 exd5 21. Bxd5 Bb7 22. Bxb7 Qxb7 23. Qf3 Rb8 24. Qf5 Rd8 25. h3 Rd5 26. Qc8+ Qxc8 27. Rxc8+ Nf8 28. Rc7 Rd7 29. Rxd7 Nxd7 30. Kf1 Kf8 31. Ke2 Ke7 32. Kd3 f5 1/2-1/2

[Event "Commonwealth-ch U12 Girls"]
[Site "New Delhi"]
[Date "2018.06.27"]
[Round "2"]
[White "Kheerthi, Ganta"]
[Black "Meenatchi Rajam, V."]
[Result "1-0"]
[WhiteElo "1387"]
[BlackElo "1613"]
[PlyCount "148"]
[EventDate "2018.06.26"]
[EventType "swiss"]
[EventRounds "7"]
[EventCountry "IND"]
[SourceTitle "EXT 2019"]
[Source "ChessBase"]
[SourceDate "2018.10.10"]
[SourceVersion "1"]
[SourceVersionDate "2018.10.10"]
[SourceQuality "1"]

1. d4 Nf6 2. c4 g6 3. Nc3 Bg7 4. e4 d6 5. Be2 0-0 6. Bg5 h6 7. Be3 Nbd7 8. Qd2 Kh7 9. Nf3 e5 10. dxe5 dxe5 11. 0-0-0 Re8 12. h3 c6 13. g4 Ng8 14. h4 Ne7 15. h5 g5 16. Rh2 f6 17. b4 Qc7 18. Ne1 Nf8 19. Nd3 Ne6 20. Rhh1 a5 21. a3 axb4 22. axb4 b6 23. Kb2 Nd4 24. Ra1 Be6 25. Rxa8 Rxa8 26. Nc1 Qa7 27. Bxd4 Qa3+ 28. Kc2 Rd8 29. Nd5 Bxd5 30. exd5 exd4 31. Qd3+ Qxd3+ 32. Bxd3+ Kg8 33. dxc6 Nxc6 34. b5 Ne5 35. Bf5 Kf8 36. Kb3 Kf7 37. Nd3 Nf3 38. Rd1 Bf8 39. Be4 Ne5 40. Nxe5+ fxe5 41. Ra1 Rd7 42. Bc6 Rc7 43. Kc2 Ke6 44. Kd3 Kd6 45. Bd5 Rd7 46. Ra6 Kc7 47. Ra8 Rd8 48. Ra7+ Kd6 49. Rb7 Kc5 50. Ke4 Bd6 51. Rh7 Rf8 52. Rf7 Rxf7 53. Bxf7 Kb4 54. Kd3 e4+ 55. Kxd4 Bc5+ 56. Kxe4 Bxf2 57. Kf5 Bc5 58. Kg6 Bf8 59. Bd5 Kc5 60. Kf7 Bd6 61. Kg7 Be7 62. Kxh6 Kd6 63. Kg7 Ke5 64. h6 Bf6+ 65. Kg8 Kf4 66. Be6 Ke5 67. Bd5 Kf4 68. h7 Kxg4 69. h8Q Bxh8 70. Kxh8 Kf5 71. c5 bxc5 72. b6 Ke5 73. b7 Kxd5 74. b8Q Ke4 1-0

[Event "IND-ch U11 Girls 30th"]
[Site "India"]
[Date "2016.07.05"]
[Round "10"]
[White "Meenatchi Rajam, V."]
[Black "Barnita, Singha"]
[Result "1/2-1/2"]
[WhiteElo "1279"]
[BlackElo "1104"]
[PlyCount "62"]
[EventDate "2016.06.28"]
[EventType "swiss"]
[EventRounds "11"]
[EventCountry "IND"]
[SourceTitle "CBM 173 Extra"]
[Source "ChessBase"]
[SourceDate "2016.08.29"]
[SourceVersion "1"]
[SourceVersionDate "2016.08.29"]
[SourceQuality "1"]

1. Nf3 d5 2. d4 Nf6 3. c4 e6 4. e3 c6 5. Nc3 Bb4 6. Bd3 0-0 7. 0-0 Re8 8. a3 Bxc3 9. bxc3 Nbd7 10. cxd5 cxd5 11. c4 b6 12. cxd5 Nxd5 13. e4 N5f6 14. Qc2 h6 15. e5 Nd5 16. Qc6 Rb8 17. Qc2 Bb7 18. Qe2 Nc3 19. Qe3 Rc8 20. Bd2 Nd5 21. Qe4 f5 22. exf6 N7xf6 23. Qg6 Ne7 24. Qg3 Bxf3 25. gxf3 Qxd4 26. f4 Nh5 27. Qh3 Nxf4 28. Bxf4 Qxf4 29. Qxe6+ Kh8 30. Rab1 Qg5+ 31. Kh1 Qd5+ 1/2-1/2

[Event "IND-ch U11 Girls 30th"]
[Site "India"]
[Date "2016.07.03"]
[Round "8"]
[White "Meenatchi Rajam, V."]
[Black "Adreeja, Sinha"]
[Result "1-0"]
[WhiteElo "1279"]
[BlackElo "1160"]
[PlyCount "69"]
[EventDate "2016.06.28"]
[EventType "swiss"]
[EventRounds "11"]
[EventCountry "IND"]
[SourceTitle "CBM 173 Extra"]
[Source "ChessBase"]
[SourceDate "2016.08.29"]
[SourceVersion "1"]
[SourceVersionDate "2016.08.29"]
[SourceQuality "1"]

1. Nf3 d5 2. d4 Nf6 3. c4 c6 4. Nc3 dxc4 5. e3 b5 6. a4 b4 7. Na2 e6 8. Bxc4 Be7 9. 0-0 0-0 10. Bd2 a5 11. Nc1 Nbd7 12. Nb3 Bb7 13. Rc1 Qc7 14. Bb5 Rac8 15. Bd3 Rfd8 16. e4 c5 17. e5 Nd5 18. Bg5 Bxg5 19. Nxg5 h6 20. Ne4 Nf4 21. Nd6 Bxg2 22. Re1 Qc6 23. Be4 Bxe4 24. Rxe4 Ng6 25. Rg4 Ngxe5 26. Nxc8 Nxg4 27. Ne7+ Kh7 28. Nxc6 Rc8 29. Qxg4 Rxc6 30. Qe4+ Kg8 31. Qxc6 Nf6 32. Nxc5 Kh7 33. Ne4 Nxe4 34. Qxe4+ Kg8 35. Rc8# 1-0